<?xml version="1.0" encoding="UTF-8"?><?xml-stylesheet type="text/xsl" href="static/style.xsl"?><OAI-PMH xmlns="http://www.openarchives.org/OAI/2.0/" xmlns:xsi="http://www.w3.org/2001/XMLSchema-instance" xsi:schemaLocation="http://www.openarchives.org/OAI/2.0/ http://www.openarchives.org/OAI/2.0/OAI-PMH.xsd"><responseDate>2026-04-26T20:25:36Z</responseDate><request verb="GetRecord" identifier="oai:uvadoc.uva.es:10324/47351" metadataPrefix="marc">https://uvadoc.uva.es/oai/request</request><GetRecord><record><header><identifier>oai:uvadoc.uva.es:10324/47351</identifier><datestamp>2021-11-10T11:51:36Z</datestamp><setSpec>com_10324_1669</setSpec><setSpec>com_10324_952</setSpec><setSpec>com_10324_894</setSpec><setSpec>col_10324_1672</setSpec></header><metadata><record xmlns="http://www.loc.gov/MARC21/slim" xmlns:doc="http://www.lyncode.com/xoai" xmlns:xsi="http://www.w3.org/2001/XMLSchema-instance" xmlns:dcterms="http://purl.org/dc/terms/" xsi:schemaLocation="http://www.loc.gov/MARC21/slim http://www.loc.gov/standards/marcxml/schema/MARC21slim.xsd">
<leader>00925njm 22002777a 4500</leader>
<datafield tag="042" ind1=" " ind2=" ">
<subfield code="a">dc</subfield>
</datafield>
<datafield tag="720" ind1=" " ind2=" ">
<subfield code="a">Krsmanovic, Ksenija</subfield>
<subfield code="e">author</subfield>
</datafield>
<datafield tag="260" ind1=" " ind2=" ">
<subfield code="c">2019</subfield>
</datafield>
<datafield tag="520" ind1=" " ind2=" ">
<subfield code="a">Tras la Conferencia de Estocolmo sobre el Medio Ambiente Humano y el Brundtland Report, el desarrollo liderado por el medio ambiente y el crecimiento eco-céntrico comenzaron a tomar forma y ganar impulso. Esto abrió nuevos horizontes donde la perspectiva ecológica exige dedicar más atención a la naturaleza en los entornos urbanos. La crisis del mundo moderno parecía estar relacionada con su desconexión con la naturaleza, y la decadencia de la ciudad industrial se volvió inevitable. Así, la Carta de Leipzig, abrió una oportunidad para el surgimiento de nuevas tendencias de diseño integrado.&#xd;
Esta investigación aborda la cuestión de cómo los paisajes ribereños postindustriales responden a una nueva concepción de la calidad del entorno construido. Además, reflexiona sobre la regeneración en varias ciudades europeas categorizadas según los diferentes enfoques de las prácticas urbanas. La metodología comparada aplicada demuestra el surgimiento y contradicciones del uso de la naturaleza en diferentes contextos urbanos</subfield>
</datafield>
<datafield tag="024" ind2=" " ind1="8">
<subfield code="a">UrbanHist conference "Interpreting 20th Century European Urbanism", Stockholm, Sweden, October 21-23, 2019</subfield>
</datafield>
<datafield tag="024" ind2=" " ind1="8">
<subfield code="a">https://uvadoc.uva.es/handle/10324/47351</subfield>
</datafield>
<datafield ind1=" " ind2=" " tag="653">
<subfield code="a">Urbanismo - Europa - Siglo XX</subfield>
</datafield>
<datafield ind1=" " ind2=" " tag="653">
<subfield code="a">Ciudades - Renovación - Europa - Siglo XX</subfield>
</datafield>
<datafield ind1=" " ind2=" " tag="653">
<subfield code="a">Urbanismo - Aspecto del medio ambiente</subfield>
</datafield>
<datafield tag="245" ind1="0" ind2="0">
<subfield code="a">Nature and City: Redefining urbanity through urban riverfront transformations</subfield>
</datafield>
</record></metadata></record></GetRecord></OAI-PMH>